[Event "SF Gerresheim 1 - SK MÃ¼nster 2"]
[Site "NRW-Klasse, Gruppe 2 2016/201"]
[Date "2017.01.22"]
[Round "5.2"]
[White "Orzech, Dominik"]
[Black "Virnyi, Julius"]
[Result "1-0"]
[WhiteElo "2395"]
[BlackElo "2069"]
[PlyCount "89"]
[EventDate "2017.??.??"]
[WhiteTeam "SF Gerresheim 1"]
[BlackTeam "SK MÃ¼nster 2"]

1. d4 Nf6 2. Nf3 e6 3. c4 Bb4+ 4. Bd2 Qe7 5. g3 Nc6 6. Bg2 Bxd2+ 7. Nbxd2 a5 8.
O-O d6 9. e4 e5 10. d5 Nb8 11. Ne1 h5 12. Nef3 Nbd7 13. b3 Nc5 14. Qc2 Bg4 15.
Rfe1 O-O 16. a3 c6 17. b4 axb4 18. axb4 Na6 19. Qa4 c5 20. bxc5 Nxc5 21. Qxa8
Rxa8 22. Rxa8+ Kh7 23. Ng5+ Kh6 24. h4 g6 25. Rb1 Kg7 26. f3 Bd7 27. Nb3 Nxb3
28. Rxb3 Be8 29. Ra7 Qd8 30. Rbxb7 Kg8 31. Bh3 Nh7 32. Nxf7 Bxf7 33. Rxf7 Qb6+
34. Kh2 Qb2+ 35. Bg2 Nf8 36. Rg7+ Kh8 37. Rgb7 Qf2 38. Ra8 Kg8 39. Rbb8 g5 40.
Rxf8+ Kh7 41. Rh8+ Kg7 42. Rag8+ Kf7 43. hxg5 h4 44. g6+ Kf6 45. Rxh4 1-0

[Event "SF Gerresheim 1 - SK MÃ¼nster 2"]
[Site "NRW-Klasse, Gruppe 2 2016/201"]
[Date "2017.01.22"]
[Round "5.3"]
[White "Neuer, Thomas"]
[Black "Dresen, Ulrich"]
[Result "1/2-1/2"]
[WhiteElo "2081"]
[BlackElo "2175"]
[PlyCount "67"]
[EventDate "2017.??.??"]
[WhiteTeam "SK MÃ¼nster 2"]
[BlackTeam "SF Gerresheim 1"]

1. Nf3 d5 2. g3 c6 3. Bg2 Bg4 4. O-O Nd7 5. d4 e6 6. Nbd2 f5 7. c4 Bd6 8. Qb3
Rb8 9. Re1 Nh6 10. h3 Bh5 11. cxd5 exd5 12. e4 O-O 13. exd5 Nb6 14. Nc4 Nxc4
15. Qxc4 f4 16. gxf4 cxd5 17. Qxd5+ Bf7 18. Qg5 Bb4 19. Re5 Bd6 20. Qxd8 Rfxd8
21. Ra5 a6 22. Bd2 Bc7 23. Rc5 Bb6 24. Rg5 Bd5 25. Bc3 Nf7 26. Rf5 Be6 27. Re5
Nxe5 28. fxe5 h6 29. a3 Rd7 30. Kf1 Bc4+ 31. Ke1 Rbd8 32. Rd1 Bd5 33. Ke2 Kf7
34. Ke3 1/2-1/2

[Event "SF Gerresheim 1 - SK MÃ¼nster 2"]
[Site "NRW-Klasse, Gruppe 2 2016/201"]
[Date "2017.01.22"]
[Round "5.4"]
[White "Volkov, Mykyta"]
[Black "Kubo, Thomas"]
[Result "1-0"]
[WhiteElo "2175"]
[BlackElo "2038"]
[PlyCount "49"]
[EventDate "2017.??.??"]
[WhiteTeam "SF Gerresheim 1"]
[BlackTeam "SK MÃ¼nster 2"]

1. d4 e6 2. c4 Bb4+ 3. Bd2 a5 4. Nf3 d6 5. Nc3 Qe7 6. g3 Nf6 7. Bg2 Bxc3 8.
Bxc3 Ne4 9. Rc1 Nxc3 10. Rxc3 e5 11. dxe5 dxe5 12. Nxe5 O-O 13. Re3 Be6 14. O-O
c6 15. Qd4 Rd8 16. Qb6 Ra6 17. Qb3 a4 18. Qc3 Rb6 19. Nd3 Qf6 20. Qa5 Ra6 21.
Qb4 Qd4 22. Nc5 Qxc4 23. Nxa6 Qxa6 24. Qe7 Qb6 25. Bh3 1-0

[Event "SF Gerresheim 1 - SK MÃ¼nster 2"]
[Site "NRW-Klasse, Gruppe 2 2016/201"]
[Date "2017.01.22"]
[Round "5.5"]
[White "Austrup, David"]
[Black "Van Lanen, Toon"]
[Result "1/2-1/2"]
[WhiteElo "1924"]
[BlackElo "2075"]
[PlyCount "57"]
[EventDate "2017.??.??"]
[WhiteTeam "SK MÃ¼nster 2"]
[BlackTeam "SF Gerresheim 1"]

1. e4 d5 2. exd5 Qxd5 3. Nc3 Qd6 4. d4 Nf6 5. Nf3 a6 6. h3 b5 7. Bd3 Bb7 8. O-O
e6 9. Qe2 Nbd7 10. Ne4 Qb6 11. c3 Be7 12. Ne5 Rd8 13. a4 Nxe4 14. Bxe4 O-O 15.
a5 Qa7 16. Nc6 Bxc6 17. Bxc6 Nf6 18. Bf3 Nd5 19. Be4 c5 20. dxc5 Qxc5 21. Rd1
Rd6 22. Rd3 Rfd8 23. Rg3 g6 24. Bc2 Bf6 25. Bh6 Bg7 26. Bg5 Bf6 27. Bh6 Bg7 28.
Bg5 Bf6 29. Bh6 1/2-1/2

[Event "SF Gerresheim 1 - SK MÃ¼nster 2"]
[Site "NRW-Klasse, Gruppe 2 2016/201"]
[Date "2017.01.22"]
[Round "5.6"]
[White "Selten, Jan"]
[Black "Kaufhold, Thomas"]
[Result "1-0"]
[WhiteElo "2071"]
[BlackElo "1992"]
[PlyCount "70"]
[EventDate "2017.??.??"]
[WhiteTeam "SF Gerresheim 1"]
[BlackTeam "SK MÃ¼nster 2"]

1. e4 Nf6 2. Nc3 e6 3. d4 d5 4. Bg5 Bb4 5. e5 h6 6. Bd2 Bxc3 7. bxc3 Ne4 8. Bd3
Nxd2 9. Qxd2 c5 10. Bb5+ Bd7 11. Bxd7+ Nxd7 12. Ne2 Qa5 13. O-O cxd4 14. Qxd4
Rc8 15. Kh1 Rc4 16. Qd2 Nxe5 17. Rab1 b6 18. f4 Nd7 19. Rf3 Nf6 20. Rbf1 O-O
21. g4 Ne4 22. Qe1 Rfc8 23. g5 hxg5 24. fxg5 Nxg5 25. Rg3 d4 26. Rfg1 Qd5+ 27.
R1g2 f6 28. h4 Nf3 29. Rxg7+ Kf8 30. Qg3 dxc3 31. Rh7 Rxh4+ 32. Rxh4 Nxh4 33.
Qxh4 Ke7 34. Nf4 Qf3 35. Kh2 Rc4 1-0

[Event "SF Gerresheim 1 - SK MÃ¼nster 2"]
[Site "NRW-Klasse, Gruppe 2 2016/201"]
[Date "2017.01.22"]
[Round "5.7"]
[White "Borrink, Joern"]
[Black "Liedmann, Dennis"]
[Result "0-1"]
[WhiteElo "2098"]
[BlackElo "1966"]
[PlyCount "76"]
[EventDate "2017.??.??"]
[WhiteTeam "SK MÃ¼nster 2"]
[BlackTeam "SF Gerresheim 1"]

1. e4 d5 2. exd5 Nf6 3. d4 Bg4 4. f3 Bf5 5. Bb5+ Nbd7 6. Nc3 a6 7. Bd3 Bg6 8.
d6 cxd6 9. Nge2 e5 10. Be3 Qa5 11. O-O Rd8 12. a3 Qb6 13. Qd2 d5 14. Bxg6 hxg6
15. Rae1 e4 16. Nf4 Bd6 17. g3 Bxf4 18. Bxf4 O-O 19. b4 Rfe8 20. Re3 Nf8 21.
Na4 Qc6 22. Nc5 b6 23. Nxa6 exf3 24. Rfxf3 Ne4 25. Qd3 g5 26. Bc7 Rd7 27. b5
Qh6 28. c4 dxc4 29. Qxc4 Nd2 30. Qc6 Nxf3+ 31. Rxf3 Re1+ 32. Kf2 Rde7 33. Be5
R1xe5 34. dxe5 Qxh2+ 35. Kf1 Qh1+ 36. Kf2 Rxe5 37. Qxb6 Qh2+ 38. Kf1 Qe2+ 0-1

[Event "SF Gerresheim 1 - SK MÃ¼nster 2"]
[Site "NRW-Klasse, Gruppe 2 2016/201"]
[Date "2017.01.22"]
[Round "5.8"]
[White "Goldblat, Michael"]
[Black "Stumpe, Danny"]
[Result "1-0"]
[WhiteElo "2080"]
[BlackElo "1700"]
[PlyCount "81"]
[EventDate "2017.??.??"]
[WhiteTeam "SF Gerresheim 1"]
[BlackTeam "SK MÃ¼nster 2"]

1. c4 g6 2. Nc3 Bg7 3. d4 d6 4. e4 Nd7 5. f3 e5 6. Nge2 a6 7. Be3 Ngf6 8. Qd2
O-O 9. d5 Ne8 10. Nc1 f5 11. Bd3 f4 12. Bf2 Bh6 13. b4 a5 14. bxa5 Rxa5 15. Nb3
Ra8 16. c5 Rf7 17. Nb5 Bf8 18. Rc1 Nxc5 19. Nxc5 dxc5 20. Bxc5 Nd6 21. Nxd6
Bxd6 22. Bf2 Qe7 23. Ke2 Ra3 24. Rc2 Bd7 25. Rb1 b6 26. Bc4 Rf8 27. Kf1 Kg7 28.
Bb5 Rfa8 29. Bxd7 Qxd7 30. Rbb2 Qa4 31. Kg1 Qa6 32. h4 h5 33. Qc1 Ra7 34. Kh2
Kh6 35. Qg1 Qd3 36. Qe1 R7a5 37. Qc1 Qa6 38. Rxc7 Rxa2 39. Rxb6 Qe2 40. Rxd6
Qxf2 41. Rxg6+ 1-0

[Event "SV Erkenschwick 1 - SV Letmathe 1"]
[Site "NRW-Klasse, Gruppe 2 2016/201"]
[Date "2017.01.22"]
[Round "5.1"]
[White "Kolosowski, Mateusz"]
[Black "Willemze, Thomas"]
[Result "1-0"]
[WhiteElo "2433"]
[BlackElo "2396"]
[PlyCount "37"]
[EventDate "2017.??.??"]
[WhiteTeam "SV Letmathe 1"]
[BlackTeam "SV Erkenschwick 1"]

1. d4 Nf6 2. c4 e6 3. g3 d5 4. Nf3 Bb4+ 5. Bd2 Bd6 6. Bg2 O-O 7. O-O c6 8. Qc2
Ne4 9. Nc3 Nxd2 10. Nxd2 f5 11. Rab1 Bc7 12. b4 Kh8 13. b5 f4 14. Rbc1 Bb6 15.
Nf3 Bd7 16. e3 dxc4 17. gxf4 cxb5 18. Ng5 Rf5 19. Qxf5 1-0

[Event "SV Erkenschwick 1 - SV Letmathe 1"]
[Site "NRW-Klasse, Gruppe 2 2016/201"]
[Date "2017.01.22"]
[Round "5.2"]
[White "Jens, Jelmer"]
[Black "Podzielny, Karl-Heinz"]
[Result "1-0"]
[WhiteElo "2373"]
[BlackElo "2341"]
[PlyCount "45"]
[EventDate "2017.??.??"]
[WhiteTeam "SV Erkenschwick 1"]
[BlackTeam "SV Letmathe 1"]

1. e4 c5 2. Nf3 e6 3. d4 cxd4 4. Nxd4 a6 5. Bd3 Nf6 6. O-O Qc7 7. Qe2 d6 8. f4
Nbd7 9. c4 h5 10. Kh1 Be7 11. b3 b6 12. Bb2 Qc5 13. b4 Qc7 14. Nc3 g6 15. Rac1
h4 16. Nd5 exd5 17. cxd5 Qb7 18. Nc6 Rh5 19. e5 dxe5 20. fxe5 Nxd5 21. Be4 Nxe5
22. Bxd5 Bg4 23. Nxe5 1-0

[Event "SV Erkenschwick 1 - SV Letmathe 1"]
[Site "NRW-Klasse, Gruppe 2 2016/201"]
[Date "2017.01.22"]
[Round "5.3"]
[White "Adamski, Jan"]
[Black "Erwich, Frank"]
[Result "0-1"]
[WhiteElo "2246"]
[BlackElo "2307"]
[Annotator "Daniel"]
[PlyCount "68"]
[EventDate "2017.??.??"]
[WhiteTeam "SV Letmathe 1"]
[BlackTeam "SV Erkenschwick 1"]

1. Nf3 Nf6 2. c4 e6 3. g3 d5 4. Bg2 dxc4 5. Qa4+ Nbd7 6. Qxc4 c5 7. d3 Bd6 8.
a4 O-O 9. Nbd2 b6 10. Qc2 Bb7 11. Nc4 Bc7 12. O-O $11 e5 13. Bg5 Re8 14. Nfd2
Bxg2 15. Kxg2 h6 $11 16. Bxf6 Nxf6 17. e4 Qd7 18. Rad1 Re6 19. Nb1 Nh7 20. Nc3
Rf8 21. Ne3 Bd8 22. Kh1 h5 23. f4 exf4 24. gxf4 Bf6 25. Ncd5 Bd4 26. Nf5 Nf6
27. Nxd4 cxd4 28. f5 Rd6 29. Nf4 Ng4 30. Ng2 Rc6 31. Qd2 $11 Qc7 32. Qf4 Qxf4
33. Rxf4 Rc2 34. Kg1 Rxg2+ 0-1

[Event "SV Erkenschwick 1 - SV Letmathe 1"]
[Site "NRW-Klasse, Gruppe 2 2016/201"]
[Date "2017.01.22"]
[Round "5.4"]
[White "Van Beek, Alexander"]
[Black "Soukup, Jiri"]
[Result "1/2-1/2"]
[WhiteElo "2235"]
[BlackElo "2320"]
[PlyCount "74"]
[EventDate "2017.??.??"]
[WhiteTeam "SV Erkenschwick 1"]
[BlackTeam "SV Letmathe 1"]

1. e4 c5 2. Nf3 e6 3. g3 d5 4. exd5 exd5 5. Bg2 Qe7+ 6. Qe2 Nc6 7. Qxe7+ Bxe7
8. O-O Bf5 9. d3 Bf6 10. Nc3 O-O-O 11. Ng5 Bxg5 12. Bxg5 f6 13. Bd2 Nge7 14.
Rfe1 Rd7 15. Ne2 g5 16. a3 d4 17. f4 g4 18. b4 b6 19. Rab1 Kc7 20. bxc5 bxc5
21. Rb5 Kd6 22. Reb1 Nc8 23. Bb4 Nxb4 24. axb4 Rc7 25. bxc5+ Rxc5 26. Nxd4 Bd7
27. Rxc5 Kxc5 28. Rb7 Kxd4 29. Rxd7+ Kc3 30. Rc7+ Kd2 31. d4 a5 32. c4 Nd6 33.
Rc6 Nf5 34. d5 Rb8 35. d6 Rb1+ 36. Kf2 Ne3 37. d7 Nd1+ 1/2-1/2

[Event "SV Erkenschwick 1 - SV Letmathe 1"]
[Site "NRW-Klasse, Gruppe 2 2016/201"]
[Date "2017.01.22"]
[Round "5.5"]
[White "Gruermann, Martin"]
[Black "Langers, Alexander"]
[Result "1/2-1/2"]
[WhiteElo "2169"]
[BlackElo "2178"]
[PlyCount "112"]
[EventDate "2017.??.??"]
[WhiteTeam "SV Letmathe 1"]
[BlackTeam "SV Erkenschwick 1"]

1. e4 c5 2. Nf3 d6 3. d4 cxd4 4. Qxd4 Bd7 5. Be2 Nc6 6. Qe3 g6 7. O-O Bg7 8. c4
Nf6 9. h3 Nb4 10. Na3 O-O 11. Bd2 a5 12. e5 Ne8 13. Bc3 Bc6 14. Rfd1 Qc7 15.
exd6 Nxd6 16. Bxg7 Kxg7 17. Nd4 Kg8 18. Qb3 Ne4 19. Nab5 Qb6 20. a3 Na6 21. Qe3
f5 22. Nxc6 Qxc6 23. Nc3 Nxc3 24. Qxc3 Nc5 25. Bf3 Qf6 26. Qxf6 Rxf6 27. b4
axb4 28. axb4 Rxa1 29. Rxa1 Ne4 30. Bxe4 fxe4 31. Ra7 Rb6 32. b5 Kf7 33. Ra5
Rd6 34. Ra1 Ke6 35. Rc1 b6 36. Kf1 Rd2 37. c5 bxc5 38. Rxc5 Rb2 39. h4 Kd6 40.
Rg5 e5 41. h5 Rxb5 42. hxg6 hxg6 43. Rxg6+ Kd5 44. g4 Rb2 45. Rf6 e3 46. fxe3
Rb4 47. g5 Rg4 48. g6 Ke4 49. Kf2 Rg5 50. Ra6 Kf5 51. Kf3 e4+ 52. Kf2 Rxg6 53.
Ra5+ Ke6 54. Ra6+ Kf5 55. Rxg6 Kxg6 56. Kg2 Kh6 1/2-1/2

[Event "SV Erkenschwick 1 - SV Letmathe 1"]
[Site "NRW-Klasse, Gruppe 2 2016/201"]
[Date "2017.01.22"]
[Round "5.6"]
[White "Eggenstein, Frank"]
[Black "Haude, Ruediger"]
[Result "1/2-1/2"]
[WhiteElo "1984"]
[BlackElo "2041"]
[PlyCount "105"]
[EventDate "2017.??.??"]
[WhiteTeam "SV Erkenschwick 1"]
[BlackTeam "SV Letmathe 1"]

1. e4 c5 2. Nf3 e6 3. g3 Nc6 4. Bg2 d6 5. O-O Nf6 6. Qe2 Qc7 7. c3 e5 8. h3 Be7
9. Na3 O-O 10. Rd1 Ne8 11. Nc2 Bf6 12. d4 Ne7 13. Nh2 g6 14. Bh6 Bg7 15. Bxg7
Kxg7 16. Ne3 Nf6 17. dxe5 dxe5 18. Nd5 Nexd5 19. exd5 Qd6 20. Nf1 Bd7 21. c4
Rae8 22. Qe3 Nh5 23. a3 f5 24. b4 b6 25. Qc3 Rf7 26. Re1 Nf6 27. Nd2 Kg8 28.
Rab1 Bc8 29. bxc5 bxc5 30. Rb2 Nd7 31. Nb3 Ba6 32. Nd2 Nb6 33. Rbb1 Bc8 34. Bf1
Rfe7 35. Kh2 e4 36. Qe3 Nd7 37. Rb5 Ba6 38. Rbb1 Ne5 39. Qf4 Qf6 40. Nxe4 Nf3+
41. Qxf3 Rxe4 42. Rxe4 Rxe4 43. Bd3 Rd4 44. Rb8+ Kg7 45. Qe2 f4 46. Re8 fxg3+
47. fxg3 Bxc4 48. Bxc4 Rxc4 49. Qxc4 Qf2+ 50. Kh1 Qf3+ 51. Kh2 Qf2+ 52. Kh1
Qf3+ 53. Kh2 1/2-1/2

[Event "SV Erkenschwick 1 - SV Letmathe 1"]
[Site "NRW-Klasse, Gruppe 2 2016/201"]
[Date "2017.01.22"]
[Round "5.7"]
[White "Pfleger, Sascha"]
[Black "Strozewski, Frank"]
[Result "1-0"]
[WhiteElo "1980"]
[BlackElo "1935"]
[PlyCount "59"]
[EventDate "2017.??.??"]
[WhiteTeam "SV Letmathe 1"]
[BlackTeam "SV Erkenschwick 1"]

1. d4 d6 2. c4 g6 3. e4 Bg7 4. Nc3 Nc6 5. Be3 e5 6. d5 Nce7 7. Bd3 f5 8. f3 Nf6
9. Bg5 O-O 10. Nge2 f4 11. Kd2 h6 12. Bh4 g5 13. Bf2 b6 14. Qg1 Ng6 15. g4 Bd7
16. Rc1 Rf7 17. Kc2 Ne7 18. Kb1 Bf8 19. Bc2 c5 20. dxc6 Be6 21. Nd5 Nxc6 22.
Ba4 Nb8 23. Nec3 Nfd7 24. h4 Na6 25. Bc6 Rb8 26. hxg5 hxg5 27. Rh5 Ndc5 28. Qh2
Bg7 29. Rh1 Rf6 30. Rh8+ 1-0

[Event "SV Erkenschwick 1 - SV Letmathe 1"]
[Site "NRW-Klasse, Gruppe 2 2016/201"]
[Date "2017.01.22"]
[Round "5.8"]
[White "De Vreugt, Dennis"]
[Black "Hunold, Rolf"]
[Result "1-0"]
[WhiteElo "2384"]
[BlackElo "1946"]
[PlyCount "53"]
[EventDate "2017.??.??"]
[WhiteTeam "SV Erkenschwick 1"]
[BlackTeam "SV Letmathe 1"]

1. e4 c5 2. Nf3 e6 3. d4 cxd4 4. Nxd4 a6 5. Bd3 Qc7 6. Qe2 d6 7. c4 Nf6 8. Nc3
Nbd7 9. a4 b6 10. a5 Be7 11. O-O Bb7 12. axb6 Nxb6 13. Nb3 Nbd7 14. Na5 Bc8 15.
Be3 Ne5 16. Bc2 O-O 17. f4 Neg4 18. Bd2 Qc5+ 19. Kh1 Qh5 20. h3 e5 21. Nc6 Bd8
22. Nxd8 Rxd8 23. f5 Qh4 24. Qe1 Qxe1 25. Raxe1 Nh6 26. g4 g5 27. fxg6 1-0

[Event "SG Bochum 2 - SC Rochade Emsdetten 1"]
[Site "NRW-Klasse, Gruppe 2 2016/201"]
[Date "2017.01.22"]
[Round "5.1"]
[White "Kabatianski, Alexander"]
[Black "Tkachuk, Konstantyn"]
[Result "0-1"]
[WhiteElo "2332"]
[BlackElo "2229"]
[Annotator "Daniel"]
[PlyCount "68"]
[EventDate "2017.??.??"]
[WhiteTeam "SC Rochade Emsdetten 1"]
[BlackTeam "SG Bochum 2"]

1. Nf3 Nf6 2. g3 g6 3. Bg2 Bg7 4. d4 O-O 5. O-O d6 6. c4 Nbd7 7. Nc3 e5 8. e4
c6 9. h3 Qc7 10. Be3 a6 11. Rc1 b6 12. b3 Bb7 13. d5 c5 14. Ne1 Rae8 15. Nd3 h6
16. Qd2 Kh7 17. Kh2 Ng8 18. a3 Bc8 19. f3 f5 20. f4 exf4 21. Nxf4 Ne5 22. exf5
Bxf5 23. Rce1 Nf6 $11 24. g4 Nexg4+ 25. hxg4 Nxg4+ 26. Kh1 Qd8 27. Nh3 Qh4 28.
Bf4 Bd4 29. Rxe8 $11 Rxe8 30. Nd1 Be4 31. Bh2 Qxh3 32. Rf7+ Kg8 33. Bxe4 Kxf7
34. Qf4+ Kg7 0-1

[Event "SG Bochum 2 - SC Rochade Emsdetten 1"]
[Site "NRW-Klasse, Gruppe 2 2016/201"]
[Date "2017.01.22"]
[Round "5.2"]
[White "Rempe, Moritz"]
[Black "Hiller, Simon"]
[Result "1/2-1/2"]
[WhiteElo "1990"]
[BlackElo "2149"]
[PlyCount "70"]
[EventDate "2017.??.??"]
[WhiteTeam "SG Bochum 2"]
[BlackTeam "SC Rochade Emsdetten 1"]

1. e4 c6 2. d4 d5 3. Nc3 dxe4 4. Nxe4 Bf5 5. Ng3 Bg6 6. h4 h6 7. Nf3 Nd7 8. h5
Bh7 9. Bd3 Bxd3 10. Qxd3 e6 11. Bd2 Ngf6 12. O-O-O Be7 13. Kb1 Qb6 14. Ne4 Rd8
15. Bc1 O-O 16. Nxf6+ Nxf6 17. Ne5 c5 18. Qg3 Kh8 19. dxc5 Qxc5 20. Rxd8 Bxd8
21. Be3 Qa5 22. Nc4 Qb5 23. b3 Nd5 24. Bd4 Bf6 25. Bxf6 Nxf6 26. Qe5 Qc6 27.
Qd6 Qc8 28. Ne5 Kg8 29. c4 Qd8 30. Rd1 Qa5 31. f3 Nxh5 32. Nd7 Re8 33. Nc5 b6
34. Ne4 Nf6 35. Nxf6+ gxf6 1/2-1/2

[Event "SG Bochum 2 - SC Rochade Emsdetten 1"]
[Site "NRW-Klasse, Gruppe 2 2016/201"]
[Date "2017.01.22"]
[Round "5.3"]
[White "De Groote, Ewoud"]
[Black "Koellner, Ruben Gideon"]
[Result "1-0"]
[WhiteElo "2275"]
[BlackElo "2079"]
[PlyCount "99"]
[EventDate "2017.??.??"]
[WhiteTeam "SC Rochade Emsdetten 1"]
[BlackTeam "SG Bochum 2"]

1. e4 d6 2. d4 Nf6 3. Nc3 e5 4. Nf3 Nbd7 5. Bc4 Be7 6. O-O Nb6 7. Be2 exd4 8.
Nxd4 O-O 9. a4 c5 10. Ndb5 a6 11. Na3 Bd7 12. b3 Bc6 13. Bf3 Nfd7 14. a5 Nc8
15. Nc4 Ne5 16. Nxe5 dxe5 17. Be3 Qc7 18. Nd5 Bxd5 19. Qxd5 Rd8 20. Qc4 Na7 21.
c3 Qc6 22. Bh5 g6 23. Be2 Nc8 24. Qa4 Qxa4 25. Rxa4 Na7 26. Ra2 Nb5 27. Rc2 f5
28. Bc4+ Kg7 29. Bd5 f4 30. Bc1 Rab8 31. g3 g5 32. Kg2 Nc7 33. Bc4 Rd7 34. Kf3
Rbd8 35. Ke2 Rd6 36. h4 h6 37. hxg5 hxg5 38. Rd2 Rxd2+ 39. Bxd2 f3+ 40. Kd1 Rh8
41. Kc2 g4 42. Be3 Rh2 43. Rd1 Kh8 44. Rd7 Bh4 45. gxh4 g3 46. Rxc7 g2 47. Bg5
g1=Q 48. Bf6+ Qg7 49. Bxg7+ Kh7 50. Bxe5+ 1-0

[Event "SG Bochum 2 - SC Rochade Emsdetten 1"]
[Site "NRW-Klasse, Gruppe 2 2016/201"]
[Date "2017.01.22"]
[Round "5.4"]
[White "Stricker, Florian"]
[Black "Lehmann, Holger"]
[Result "0-1"]
[WhiteElo "2004"]
[BlackElo "2097"]
[PlyCount "68"]
[EventDate "2017.??.??"]
[WhiteTeam "SG Bochum 2"]
[BlackTeam "SC Rochade Emsdetten 1"]

1. d4 d5 2. c4 c6 3. Nf3 e6 4. Nc3 dxc4 5. a4 Bb4 6. e3 b5 7. Bd2 Bb7 8. axb5
Bxc3 9. Bxc3 cxb5 10. b3 a5 11. bxc4 b4 12. Bb2 Nf6 13. Bd3 Nbd7 14. Qc2 Qc7
15. O-O O-O 16. Ne5 Nxe5 17. dxe5 Nd7 18. Bxh7+ Kh8 19. Rfd1 g6 20. Bxg6 fxg6
21. Qxg6 Nc5 22. Bd4 Nb3 23. Qxe6 Ra6 24. Qg4 Qg7 25. Qh3+ Rh6 26. Qg3 Rg6 27.
Qh3+ Kg8 28. g3 Nxa1 29. Rxa1 Rh6 30. Qf1 Qg4 31. f4 Ra6 32. c5 Qf3 33. Qxf3
Bxf3 34. Kf2 Be4 0-1

[Event "SG Bochum 2 - SC Rochade Emsdetten 1"]
[Site "NRW-Klasse, Gruppe 2 2016/201"]
[Date "2017.01.22"]
[Round "5.5"]
[White "Paalman, Henk-Jan"]
[Black "Haase, Thomas"]
[Result "1-0"]
[WhiteElo "2132"]
[BlackElo "2014"]
[PlyCount "83"]
[EventDate "2017.??.??"]
[WhiteTeam "SC Rochade Emsdetten 1"]
[BlackTeam "SG Bochum 2"]

1. d4 Nf6 2. c4 c5 3. d5 b5 4. cxb5 a6 5. bxa6 g6 6. Nc3 Bxa6 7. e4 Bxf1 8.
Kxf1 d6 9. g3 Bg7 10. Kg2 O-O 11. Nf3 Nbd7 12. a4 Qb6 13. Qe2 Rfb8 14. Nb5 Ne8
15. Bg5 Ndf6 16. Nd2 Nc7 17. Nc4 Qb7 18. Nxc7 Qxc7 19. a5 Ra7 20. Rhb1 Ne8 21.
Bd2 Rb3 22. a6 Ra8 23. Na5 Rb6 24. Nc6 Rxc6 25. dxc6 Qxc6 26. Bc3 Nc7 27. Bxg7
Kxg7 28. b4 cxb4 29. Qb2+ e5 30. Qxb4 Nxa6 31. Qb7 Qxb7 32. Rxb7 Rb8 33. Rxb8
Nxb8 34. Rd1 Nd7 35. Rxd6 Nf6 36. f3 h5 37. Kf2 Ng8 38. Ke3 f6 39. Kd3 Kf7 40.
Kc4 Ke7 41. Kd5 Nh6 42. Ra6 1-0

[Event "SG Bochum 2 - SC Rochade Emsdetten 1"]
[Site "NRW-Klasse, Gruppe 2 2016/201"]
[Date "2017.01.22"]
[Round "5.6"]
[White "Butschek, Marc"]
[Black "Mueller, Achim"]
[Result "1-0"]
[WhiteElo "1961"]
[BlackElo "2034"]
[PlyCount "127"]
[EventDate "2017.??.??"]
[WhiteTeam "SG Bochum 2"]
[BlackTeam "SC Rochade Emsdetten 1"]

1. e4 c5 2. c3 d5 3. exd5 Qxd5 4. d4 Nc6 5. Nf3 Bg4 6. dxc5 Qxd1+ 7. Kxd1 e5 8.
Be3 f5 9. Ke1 f4 10. Nxe5 Nxe5 11. Bxf4 Nd7 12. b4 Ngf6 13. Bc4 Be7 14. f3 Bf5
15. Kf2 Nh5 16. Be3 Ne5 17. Bb5+ Kf7 18. Rd1 Be6 19. Nd2 Nf6 20. Bf4 Ng6 21.
Be3 Rhd8 22. Bd4 a6 23. Bf1 a5 24. Nc4 axb4 25. cxb4 Ra4 26. a3 Nd5 27. Bd3
Nxb4 28. axb4 Rxd4 29. Rxa4 Rxd3 30. Rxd3 Bxc4 31. Rc3 Bb5 32. Ra5 Bf6 33. Rca3
Bd4+ 34. Ke1 Bc6 35. Rd3 Be5 36. b5 Nf4 37. bxc6 Nxd3+ 38. Kd2 Nb4 39. cxb7 Ke6
40. Ra8 Nc6 41. Ke3 Bxh2 42. Re8+ Kd5 43. f4 Bg1+ 44. Kf3 Bxc5 45. Rd8+ Bd6 46.
Rd7 g6 47. Rxh7 Ke6 48. Kg4 Kf6 49. Rh1 Nd8 50. Rb1 Bb8 51. Rb6+ Kf7 52. g3 Ne6
53. Rc6 Nc7 54. Kg5 Ne6+ 55. Kh6 Nxf4 56. Rc8 Be5 57. gxf4 Bxf4+ 58. Kh7 g5 59.
b8=Q Bxb8 60. Rxb8 Kf6 61. Rf8+ Ke5 62. Kh6 g4 63. Kh5 g3 64. Kh4 1-0

[Event "SG Bochum 2 - SC Rochade Emsdetten 1"]
[Site "NRW-Klasse, Gruppe 2 2016/201"]
[Date "2017.01.22"]
[Round "5.7"]
[White "Lemli, Thomas"]
[Black "Zeldin, Leonid"]
[Result "1/2-1/2"]
[WhiteElo "1999"]
[BlackElo "2045"]
[PlyCount "50"]
[EventDate "2017.??.??"]
[WhiteTeam "SC Rochade Emsdetten 1"]
[BlackTeam "SG Bochum 2"]

1. Nf3 Nf6 2. g3 g6 3. Bg2 Bg7 4. c4 O-O 5. O-O c6 6. Nc3 d5 7. cxd5 cxd5 8. d4
Nc6 9. Ne5 Nxe5 10. dxe5 Ng4 11. Qxd5 Nxe5 12. Bf4 Nc6 13. Qc5 Qa5 14. Qxa5
Nxa5 15. Nd5 Nc6 16. Rac1 Bg4 17. h3 Bxe2 18. Rfe1 e5 19. Rxe2 exf4 20. Nxf4
Nd4 21. Rd2 Rad8 22. Nd5 Rfe8 23. Kf1 Nc6 24. Rcd1 Kf8 25. Nc7 Rxd2 1/2-1/2

[Event "SG Bochum 2 - SC Rochade Emsdetten 1"]
[Site "NRW-Klasse, Gruppe 2 2016/201"]
[Date "2017.01.22"]
[Round "5.8"]
[White "Biermann, Florian"]
[Black "Wissing, Philipp"]
[Result "1/2-1/2"]
[WhiteElo "1931"]
[BlackElo "1745"]
[PlyCount "76"]
[EventDate "2017.??.??"]
[WhiteTeam "SG Bochum 2"]
[BlackTeam "SC Rochade Emsdetten 1"]

1. c4 Nf6 2. g3 c6 3. Nf3 g6 4. Bg2 Bg7 5. O-O O-O 6. d4 d5 7. Bf4 dxc4 8. Qc1
Nbd7 9. Na3 Nb6 10. Bh6 Be6 11. Bxg7 Kxg7 12. Rd1 Bd5 13. Ne5 Bxg2 14. Kxg2
Qd5+ 15. f3 Rad8 16. e4 Nxe4 17. fxe4 Qxe4+ 18. Kh3 Rxd4 19. Rxd4 Qxd4 20. Qc3
Rd8 21. Nexc4 Nxc4 22. Nxc4 Qxc3 23. bxc3 h5 24. Na5 Rd2 25. a4 g5 26. g4 hxg4+
27. Kxg4 Kg6 28. Nxb7 Rd3 29. Rf1 e6 30. Rf3 Rd1 31. Kg3 f5 32. Na5 Rd6 33. Nc4
Rd5 34. h4 Rc5 35. Nb2 e5 36. Nd3 Rd5 37. Nb4 Rc5 38. Nd3 Rd5 1/2-1/2

[Event "SV Kamen 1 - Herforder SV KÃ¶nigsspring"]
[Site "NRW-Klasse, Gruppe 2 2016/201"]
[Date "2017.01.22"]
[Round "5.1"]
[White "Kirnos, Evgeni"]
[Black "Weidemann, Christian"]
[Result "1/2-1/2"]
[WhiteElo "2156"]
[BlackElo "2321"]
[PlyCount "66"]
[EventDate "2017.??.??"]
[WhiteTeam "Herforder SV KÃ¶nigsspringer 1"]
[BlackTeam "SV Kamen 1"]

1. e4 c5 2. Nf3 d6 3. d4 cxd4 4. Nxd4 Nf6 5. Nc3 Nc6 6. Bg5 g6 7. Qd2 Bg7 8.
Nxc6 bxc6 9. Bc4 Rb8 10. Bb3 O-O 11. O-O Nd7 12. Bh6 Nc5 13. Rfe1 Qc7 14. Rad1
Be6 15. h4 Bg4 16. Rb1 a5 17. Bc4 Rb4 18. b3 e5 19. a3 Rbb8 20. b4 axb4 21.
axb4 Nd7 22. h5 Nb6 23. Bb3 Qe7 24. hxg6 hxg6 25. Bg5 Qd7 26. Re3 Be6 27. Rd3
Nc8 28. Bxe6 Qxe6 29. b5 cxb5 30. Rxb5 Rxb5 31. Nxb5 Qc4 32. Nxd6 Nxd6 33. Rxd6
Qxe4 1/2-1/2

[Event "SV Kamen 1 - Herforder SV KÃ¶nigsspring"]
[Site "NRW-Klasse, Gruppe 2 2016/201"]
[Date "2017.01.22"]
[Round "5.3"]
[White "Wolf, Andre"]
[Black "Luetke, Jens"]
[Result "1/2-1/2"]
[WhiteElo "2195"]
[BlackElo "2174"]
[PlyCount "32"]
[EventDate "2017.??.??"]
[WhiteTeam "Herforder SV KÃ¶nigsspringer 1"]
[BlackTeam "SV Kamen 1"]

1. e4 e5 2. Nf3 Nc6 3. Bb5 a6 4. Ba4 Nge7 5. O-O g6 6. c3 Bg7 7. d4 exd4 8.
cxd4 d5 9. exd5 Nxd5 10. Re1+ Be6 11. Bxc6+ bxc6 12. Bg5 Qb8 13. Qc1 O-O 14.
Nc3 Nxc3 15. bxc3 Re8 16. Qd2 Bd5 1/2-1/2

[Event "SV Kamen 1 - Herforder SV KÃ¶nigsspring"]
[Site "NRW-Klasse, Gruppe 2 2016/201"]
[Date "2017.01.22"]
[Round "5.4"]
[White "Georg, Heinz"]
[Black "Pieper-Emden, Carsten"]
[Result "1/2-1/2"]
[WhiteElo "2124"]
[BlackElo "2161"]
[PlyCount "20"]
[EventDate "2017.??.??"]
[WhiteTeam "SV Kamen 1"]
[BlackTeam "Herforder SV KÃ¶nigsspringer 1"]

1. e4 c6 2. d4 g6 3. c4 Bg7 4. Nc3 d6 5. Be3 Nf6 6. f3 a6 7. Qd2 b5 8. g4 h6 9.
O-O-O Bb7 10. Kb1 Nbd7 1/2-1/2